| 000 | 00476nas a22001691c 4500 | ||
|---|---|---|---|
| 001 | a987684577 | ||
| 008 | 060208s1990 gw |||| 000u bel d | ||
| 020 |
_a5343006094 _95-343-00609-4 |
||
| 041 | _abel | ||
| 245 | 0 | 0 |
_aNaša Niva : _bPervaja belorusskaja gazeta s risunkami : Faksimil'noe izdanie |
| 250 | _afaks. izd | ||
| 264 |
_aMinsk : _bNavuka i Technika, _c1990 |
||
| 910 | 0 | 0 | _a1.1990 [= 1.1906 - 3.1908] |
| 942 | _cMG | ||
| 040 | _cRU-10907106 | ||
| 003 | RU-10907106 | ||
| 999 |
_c11802 _d11802 |
||